|
|
|
|
| LEADER |
01698nam a2200277 a 4500 |
| 001 |
GR-Patra27401 |
| 008 |
081204s2002 gr g 000 0 gre d |
| 020 |
|
|
|a 9603490725
|
| 040 |
|
|
|a GrPaTEI
|b gre
|c GR-PaULI
|
| 040 |
|
|
|a GrPaTEI
|b gre
|c GR-PaULI
|
| 082 |
|
0 |
|a 616.8914
|2 22
|
| 100 |
1 |
|
|a Glasser, William
|
| 245 |
1 |
0 |
|a 13 Ιστορίες άμεσης θεραπείας :
|b Ριζοσπαστική μέθοδος αντιμετώπισης ψυχικών καταστάσεων /
|c William Glasser ; Μετάφραση: Τατιάνα Τουζλούκωφ.
|
| 260 |
|
|
|a Αθήνα :
|b Θυμάρι,
|c 2002
|
| 300 |
|
|
|a 278 σ.
|
| 490 |
1 |
|
|a Ανθρώπινες σχέσεις - Αγωγή - Συμπεριφορά - Υγεία
|
| 500 |
|
|
|a Τίτλος πρωτοτύπου: Reality therapy in action.
|
| 650 |
|
4 |
|a Ψυχοθεραπεία
|
| 700 |
1 |
|
|a Τουζλούκωφ, Τατιάνα
|
| 830 |
|
0 |
|1 00119373
|1 2001
|a Ανθρώπινες σχέσεις - Αγωγή - Συμπεριφορά - Υγεία
|
| 942 |
|
|
|2 ddc
|
| 952 |
|
|
|0 0
|1 0
|2 ddc
|4 0
|6 616_891400000000000_GLA
|7 0
|9 310135
|a LISK
|b LISK
|c BSC
|d 2021-01-17
|e 24
|f 1
|g 0.00
|l 0
|o 616.8914 GLA
|p 92410044866
|r 2021-05-18 00:00:00
|t 1
|w 2021-01-17
|y BK15
|x 20081204 0 1
|x GrPaTEI
|
| 952 |
|
|
|0 0
|1 0
|2 ddc
|4 0
|6 616_891400000000000_GLA
|7 0
|9 310136
|a LISK
|b LISK
|c BSC
|d 2021-01-17
|e 24
|f 1
|g 0.00
|l 0
|o 616.8914 GLA
|p 92410044867
|r 2021-01-17 00:00:00
|t 1
|w 2021-01-17
|y BK15
|x 20081204 0 1
|x GrPaTEI
|
| 952 |
|
|
|0 0
|1 0
|2 ddc
|4 0
|6 616_891400000000000_GLA
|7 1
|9 310137
|a LISK
|b LISK
|c BSC
|d 2021-01-17
|e 24
|f 0
|g 0.00
|l 0
|o 616.8914 GLA
|p 92410044868
|r 2021-01-17 00:00:00
|t 1
|w 2021-01-17
|y BKN
|x 20081204 0 0
|x GrPaTEI
|
| 971 |
|
|
|a .b26749737
|b 15-04-20
|c 26-09-16
|
| 999 |
|
|
|c 178446
|d 178446
|